Loading...
| Social Science | 0 | 9 | 0 | 3 | 90 | 72 | 107.89 | 2 | 3 | 0.00 | 0.00 |
| Religion | 0 | 8 | 0 | 2 | 80 | 44 | 98.50 | 0 | 0 | 0.00 | 0.00 |
| Science - Physics | 0 | 6 | 0 | 3 | 60 | 87 | 118.17 | 0 | 1 | 0.00 | 0.00 |
| History - European | 0 | 5 | 0 | 1 | 50 | 79 | 102.40 | 0 | 1 | 0.00 | 0.00 |
| Science - Biology | 0 | 4 | 0 | 0 | 40 | 49 | 84.25 | 0 | 0 | 0.00 | 0.00 |
| History - World | 0 | 3 | 0 | 1 | 30 | 86 | 105.33 | 1 | 1 | 0.00 | 0.00 |
| Literature - British | 0 | 3 | 0 | 0 | 30 | 74 | 104.33 | 1 | 1 | 0.00 | 0.00 |
| Literature - European | 0 | 3 | 0 | 1 | 30 | 60 | 106.67 | 0 | 1 | 0.00 | 0.00 |
| Fine Arts - Other | 0 | 3 | 1 | 0 | 25 | 77 | 103.00 | 0 | 0 | 0.00 | 0.00 |
| Fine Arts - Classical Music | 0 | 2 | 0 | 0 | 20 | 57 | 90.00 | 1 | 1 | 0.00 | 0.00 |
| History - American | 0 | 2 | 1 | 0 | 15 | 65 | 92.50 | 1 | 1 | 0.00 | 0.00 |
| Painting & Sculpture | 0 | 2 | 1 | 0 | 15 | 66 | 89.50 | 0 | 1 | 0.00 | 0.00 |
| Literature - American | 0 | 1 | 0 | 0 | 10 | 146 | 146.00 | 0 | 0 | 0.00 | 0.00 |
| Philosophy | 0 | 1 | 0 | 0 | 10 | 99 | 99.00 | 1 | 1 | 0.00 | 0.00 |
| Science - Chemistry | 0 | 1 | 0 | 0 | 10 | 98 | 98.00 | 0 | 0 | 0.00 | 0.00 |
| Geography | 0 | 1 | 1 | 0 | 5 | 114 | 114.00 | 0 | 0 | 0.00 | 0.00 |
| Mythology | 0 | 1 | 1 | 1 | 5 | 151 | 151.00 | 0 | 0 | 0.00 | 0.00 |
| Science - Other | 0 | 1 | 2 | 0 | 0 | 61 | 61.00 | 0 | 0 | 0.00 | 0.00 |
| Literature - World | 0 | 1 | 2 | 0 | 0 | 134 | 134.00 | 0 | 0 | 0.00 | 0.00 |
| Other Academic | 0 | 0 | 1 | 0 | -5 | 0.00 | 0 | 0 | 0.00 | 0.00 |